LEADER 01149nam a2200253 4500 001 000000334566 003 CaOOAMICUS 005 20190903154338.0 008 190703s1995 it a 000 u ita r 040 $aSeMil$bita 100 1 $aBertoni, Alberto,$d<1961->.$0(OLS)http://semarc/name/37880 245 13$aLa vita e le imprese di Arturo Ferrarin :$bstoria, arte e cultura aeronautica /$cAlberto Bertoni. 264 1$aAzzate (VA) :$bMacchione,$c1995. 300 $a183 p., [20] c. di tav. :$bill. ;$c24 cm 490 1 $aI naïf [Macchione] ;$v9 650 4$aFerrarin, Arturo .$0(OLS)http://semarc/subject/48697 650 4$aAeronautica - Storia.$0(OLS)http://semarc/subject/7052 830 2$aI naïf ;$v9.$0(OLS)http://semarc/title/5913 850 $aSeMil 852 $aSeMil$W1$xVenegono$y1$m3X V 77$j216880$B226759$CSeMilBibl$Z2$F226759 $81 961 $aAntonelli don Mario - Omaggio 996 $6245$aLa vita e le imprese di Arturo Ferrarin :$bstoria, arte e cultura aeronautica$9(OLS)http://semarc/title/424238 996 $6264$aAzzate (VA) :$bMacchione$9(OLS)http://semarc/publisher/31189 LEADER 01618nam a2200289 i 4500 001 000000200768 003 CaOOAMICUS 005 20230726134734.0 008 110413s1791 it u000 u lat u 026 $aume- o-l- ets, emin (C) 1791 (R) 040 $aSeMil$bita 100 0 $aPius VII,$c.$0(OLS)http://semarc/name/12745 245 10$aVenerabilibus fratribus archiepiscopo Avenionensi, et episcopis Carpentoractensi, Cabilonensi, et Vasionensi ... nostrae ditionis Pius papa 6. Venerabiles fratres, ac dilecti filii salutem et apostolicam benedictionem. 260 $a(Romae :$bTypis Reverendae Camerae Apostolicae,$c1791) 300 $aVIII p. ;$c4°. 500 $aIncipit del testo: A deo nota, ac pervulgata sunt apud nationes omnes ea,quae patrata fuerunt ... 500 $aTit. dell'intitolazione 650 4$aPio VII - Lettere pastorali.$0(OLS)http://semarc/subject/37693 710 2 $aStamperia Camerale$b.$0(OLS)http://semarc/name/4421 773 0 $t[Miscellanea.$w()24758 850 $aSeMil 852 $aSeMil$W1$xVenegono$y1$m5A II 21/4 FA$j151297$B151297$CSeMilBibl$Z2$F162545 $8I 900 0 $aPio VII$c. 996 $6245$aVenerabilibus fratribus archiepiscopo Avenionensi, et episcopis Carpentoractensi, Cabilonensi, et Vasionensi ... nostrae ditionis Pius papa 6. Venerabiles fratres, ac dilecti filii salutem et apostolicam benedictionem$9(OLS)http://semarc/title/290388 996 $6260$a(Romae :$bTypis Reverendae Camerae Apostolicae$9(OLS)http://semarc/publisher/51525